jaajalyadev keerthi (Record no. 136581)

MARC details
000 -LEADER
fixed length control field 00505nam a22001817a 4500
003 - CONTROL NUMBER IDENTIFIER
control field OSt
005 - DATE AND TIME OF LATEST TRANSACTION
control field 20250218123821.0
008 - FIXED-LENGTH DATA ELEMENTS--GENERAL INFORMATION
fixed length control field 250218b |||||||| |||| 00| 0 eng d
020 ## - INTERNATIONAL STANDARD BOOK NUMBER
International Standard Book Number 81-902695-9-2
040 ## - CATALOGING SOURCE
Transcribing agency SBCL
082 ## - DEWEY DECIMAL CLASSIFICATION NUMBER
Classification number 920
Item number KHA-G
100 ## - MAIN ENTRY--PERSONAL NAME
Personal name Khare Ganesh
245 ## - TITLE STATEMENT
Title jaajalyadev keerthi
260 ## - PUBLICATION, DISTRIBUTION, ETC.
Place of publication, distribution, etc. allahabad
Name of publisher, distributor, etc. shathakshi prakashan
Date of publication, distribution, etc. 2014
300 ## - PHYSICAL DESCRIPTION
Extent 284p.
650 ## - SUBJECT ADDED ENTRY--TOPICAL TERM
Topical term or geographic name entry element Literatures of other languages
942 ## - ADDED ENTRY ELEMENTS (KOHA)
Koha item type BOOK
650 ## - SUBJECT ADDED ENTRY--TOPICAL TERM
Source of heading or term Literature & rhetoric
Form subdivision Literatures of East & Southeast Asia
Holdings
Withdrawn status Lost status Source of classification or shelving scheme Damaged status Not for loan Home library Current library Date acquired Total Checkouts Full call number Barcode Shelving location Date last seen Cost, replacement price Price effective from Koha item type
    Dewey Decimal Classification     SB LIBRARY SB LIBRARY 18/02/2025   920 KHA-G 00136710 GENERAL STACK 18/02/2025 300.00 18/02/2025 BOOK

Powered by Koha